000 00751nam a2200241Ia 4500
003 OSt
005 20220923220637.0
006 a|||||r|||| 00| 0
007 ta
008 220922b |||||||| |||| 00| 0 hin d
024 _a188,277
037 _cTextual
040 _aARTS
_cARTS
_bhin
041 _2hin
_ahin
082 _aV5'N5, 152K5;L3.1-.2
100 _aमजूमदार, प्रभात कुमार
245 0 _aयूरोप का आधुनिक इतिहास
246 _aYūrop kā ādhunik itihāsa
250 _aसंस्क0 2
260 _c1973
942 _hV5'N5, 152K5;L3.1-.2
_cTEXL
_2CC
999 _c341353
_d341353